[Event "Subang Jaya op 12th"]
[Site "Subang Jaya"]
[Date "2024.01.28"]
[Round "5"]
[White "Vengadasalam, Ajay"]
[Black "Kok, Eng Xuen"]
[Result "1/2-1/2"]
[WhiteElo "1287"]
[BlackElo "1549"]
[PlyCount "99"]
[EventDate "2024.01.27"]
[EventType "swiss"]
[EventRounds "8"]
[EventCountry "MAS"]
[SourceTitle "CB06_2024"]
[SourceDate "2024.02.07"]
[SourceVersion "1"]
[SourceVersionDate "2024.02.07"]
[SourceQuality "1"]

1. Nf3 Nf6 2. d3 g6 3. c3 Bg7 4. Nbd2 0-0 5. Qc2 d5 6. e4 c5 7. Be2 Nc6 8. 0-0 e5 9. Re1 h6 10. Bf1 d4 11. a4 Be6 12. Nc4 Qc7 13. Bd2 a6 14. a5 Bxc4 15. dxc4 Rfe8 16. cxd4 exd4 17. Bd3 Ng4 18. h3 Nge5 19. Nxe5 Nxe5 20. Bf1 g5 21. Qc1 Ng6 22. Bd3 Be5 23. Qd1 Bf4 24. Bxf4 Nxf4 25. g3 Ng6 26. Qh5 Kg7 27. Kg2 Re7 28. Qd1 Rae8 29. Qd2 Qc6 30. f3 Ne5 31. Kf2 Qe6 32. h4 g4 33. f4 Nf3 34. Qc2 Nxe1 35. Rxe1 h5 36. Qd2 b6 37. axb6 Qxb6 38. Rb1 Rb8 39. Bc2 Qc6 40. Qd3 f6 41. b3 Rb4 42. Re1 f5 43. e5 Qf3+ 44. Qxf3 gxf3 45. Rb1 Kg6 46. Kxf3 Reb7 47. Ke2 Kf7 48. Ra1 R7b6 49. Ra3 Kg6 50. Kd3 1/2-1/2